1162 1907 1749 1154 1660 1476 1249 1690 1152 1958 1659 1712 1670 1782 1376 1523 1254 1642 1295 1249 1128 1579 1328 1093 1345 1341 1445 1505 1686 1225 1275 1601 1177 1532 1038 1426 1506 1544 1273 1314 1687 1623 1709 1246 1416 1457 1219 1220 1299 1869 1534 1505 1299 1874 1685 1192 1844 1504 1944 1947 1222 1049 1461 1838 1021 1098 1000 1595 1652 1873 1656 1709 1880 1052 1964 1182 1403 1627 1501 1625 1170 1078 1327 1471 1141 1315 1409 1297 1236 1112 1348 1386 1526 1615 1477 1550 1963 1819 1302 BCNSPRNW ULIB Ver.6.0+V

เปลี่ยนเป็นภาษาไทย

Change to English
 แสดงรายละเอียดบรรณานุกรม
  กลับหน้าหลัก

Brief Record : Get Marc (ISO 2709) : E-mail record : QR code < ปิดหน้าต่าง
LEADER : 00000nam 2200000uu 4500
001    13399113531
003     ULIB
008    111124s2551||||th 000 0 tha d
020    ^a9789740417378
090    ^aนว.^bย111ค 2551
100 0  ^aYayoi
245 00 ^aฝากฟ้าเคียงดิน/^cYayoi
250    ^aพิมพ์ครั้งที่ 2
260    ^aกรุงเทพฯ :^bแจ่มใส
300    ^a303 หน้า
710 1  ^aแจ่มใส
945    ^p209^l0^i15027
995    ^aกัณชพร
999    ^aใช้งานได้ทุกระบบ
รายการนี้ยังไม่มีแท็ก
คุณยังไม่ได้ล็อกอิน คุณสามารถมีกิจกรรมร่วมกับเว็บไซต์ได้ แต่ต้องล็อกอินก่อน ::
  ล็อกอิน

รายการสื่อสารสนเทศ

ลำดับที่ ประเภท เลขเรียก/บาร์โค้ด สถานที่ สถานะ
1. วิทยาศาสตร์การแพทย์ และสุขภาพ
วิทยาศาสตร์การแพทย์ และสุขภาพ
นว. ย111ค 2551  
  Barcode: 15027
ห้องสมุดวิทยาเขตสวรรค์ประชารักษ์
►นวนิยาย
บนชั้น
  ขอยืม

รายการใกล้เคียง
    ผู้แต่ง [Yayoi]

BibComment


ยังไม่เคยถูกคอมเมนท์

คอมเมนท์ทรัพยากรรายการนี้
  คอมเมนท์: ฝากฟ้าเคียงดิน Y..


 Copyright 2026. Bcnsprnw @Library